000 01215cam a2200313 a 4500
999 _c7416
_d7416
001 4926820
003 OSt
005 20200120143257.0
008 951002s1996 nyuab b 001 0 eng
010 _a 95042252
020 _a9780070435544
020 _a80070435545
040 _aDLC
_cDLC
_dDLC
050 0 0 _aHF5415.7
_b.B66 1996
082 0 0 _a658.7
_220
_bBOW/L
100 _a Bowersox, Donald J
_91309
245 1 0 _aLogistical management :
_bthe integrated supply chain process /
_cDonald J. Bowersox, David J. Closs.
260 _aNew Delhi :
_bTata McGraw-Hill Companies,
_c2000.
300 _axix, 730 p. :
_bill., maps ;
_c24 cm.
440 0 _aMcGraw-Hill series in marketing
500 _aUpdated ed. of: Logistical management. 3rd ed. c1986.
504 _aIncludes bibliographical references and indexes.
650 0 _aPhysical distribution of goods
_xManagement.
650 0 _aMaterials management.
700 1 _aCloss, David J.
_91356
906 _a7
_bcbc
_corignew
_d1
_eocip
_f19
_gy-gencatlg
942 _2ddc
_cBK
_h658.7
_iBOW/L
_k658.7
_mBOW/L